Computer Network (Record no. 300651)

MARC details
000 -LEADER
fixed length control field 00455nam a2200169Ia 4500
008 - FIXED-LENGTH DATA ELEMENTS--GENERAL INFORMATION
fixed length control field 230718s9999 xx 000 0 und d
041 ## - LANGUAGE CODE
Language code of text/sound track or separate title eng
082 ## - DEWEY DECIMAL CLASSIFICATION NUMBER
Classification number 004.05
Item number PET
100 ## - MAIN ENTRY--PERSONAL NAME
Personal name Peterson L.L.
9 (RLIN) 108584
245 ## - TITLE STATEMENT
Title Computer Network
Remainder of title A System Approach
260 ## - PUBLICATION, DISTRIBUTION, ETC. (IMPRINT)
Date of publication, distribution, etc. 1993
Name of publisher, distributor, etc. Morgan K
300 ## - PHYSICAL DESCRIPTION
Accompanying material [OBSOLETE, CAN/MARC] Ref 720 C (11857)
365 ## - TRADE PRICE
Currency code Rs.
Price amount 350.00
500 ## - GENERAL NOTE
Keywords 720 C
700 ## - ADDED ENTRY--PERSONAL NAME
Personal name Peterson L.L. & Davie
9 (RLIN) 186849
906 ## - LOCAL DATA ELEMENT F, LDF (RLIN)
d B:923926-Sep-2000
c COMP
b 52.5
Holdings
Withdrawn status Lost status Source of classification or shelving scheme Reference No Damaged status Not for loan Home library Current library Date acquired Vendor Budget Code Cost, normal purchase price Bill number Full call number Barcode Date last seen Discount Cost, replacement price Bill Date Koha item type Original Barcode
    Dewey Decimal Classification Ref 720 C (11857)   Reference Cummins College of Engineering for Women Pune Cummins College of Engineering for Women Pune 27/09/2000 Pradeep Book Distributors COMP 297.50 9239 004.05 CCEP-BK-11857 18/07/2023 52.5 350.00 26/09/2000 Books 011857